| LEADER | 00732nam a2200217 i 4500 | ||
|---|---|---|---|
| 001 | c000099343 | ||
| 003 | CARM | ||
| 005 | 00000000000000.0 | ||
| 008 | 810304r19751974 k 000011 eng d | ||
| 019 | 1 | |a 1936141 |5 LACONCORD2021 | |
| 020 | |c L.5.50 | ||
| 035 | |a (OCoLC)60039367 |5 LACONCORD2021 | ||
| 100 | 1 | |a Drury, Allen. | |
| 245 | 1 | 4 | |a The promise of joy / |c [by] Allen Drury. |
| 260 | |a London : |b Joseph, |c 1975. | ||
| 300 | |a x,445p ; |c 24cm. | ||
| 650 | 0 | |a English fiction. | |
| 852 | 8 | |b CARM |h A2:AB30B0 |i B02885 |p 0149773 |f BK | |
| 082 | 0 | 4 | |a 823/.9/1F |
| 999 | f | f | |i cb399ef8-f778-56ad-9e45-90de9848f215 |s 6ac99c6c-b3f6-5455-be15-c9eaab806fde |
| 952 | f | f | |p Can circulate |a CAVAL |b CAVAL |c CAVAL |d CARM 1 Store |e B02885 |f A2:AB30B0 |h Other scheme |i book |m 0149773 |